00633nam a2200193Ia 450000500170000000800410001702000180005804000180007604100080009408200180010210000230012024501260014325000130026926000390028230000270032165000490034870000220039770000200041920220512155233.0210716s2019 xx 000 0 und d a9789353162399 cAIMIT LIBRARY aeng a382211bHILC aHill, Charles W.L. aInternational business :bcompeting in the global marketplace /cBy Charles W.L. Hill; G.Thomas M.Hult and Rohit Mehtani. a11th ed. aNew Delhi :bMc Graw Hill ,c2019. axlv,835p. ;bPBc23cm. aNational differences in economic development aHult, G Thomas M. aMehtani, Rohit.